Cestovný ruch - významné odvetvie švajčiarskeho hospodárstva

Príjmy z cestovného ruchu vo Švajčiarsku. Ubytovacie kapacity a gastronómia. Doprava a šport. Cestovateľské zvyklosti švajčiarskeho obyvateľstva. Organizačné a inštitucionálne zabezpečenie cestovného ruchu.

Saved in:
Bibliographic Details
Main Author: Malachovský, Andrej
Format: Book Chapter
Language:Slovak
Subjects:
Tags: Add Tag
No Tags, Be the first to tag this record!

MARC

LEADER 00000naa$a2200000$$$4500
001 0001598
005 20230724111636.8
041 0 |a slo 
044 |a SK 
245 1 0 |a Cestovný ruch - významné odvetvie švajčiarskeho hospodárstva  |c aut. Andrej Malachovský 
520 |a Príjmy z cestovného ruchu vo Švajčiarsku. Ubytovacie kapacity a gastronómia. Doprava a šport. Cestovateľské zvyklosti švajčiarskeho obyvateľstva. Organizačné a inštitucionálne zabezpečenie cestovného ruchu. 
610 2 0 |a ruch cestovný 
610 2 0 |a Švajčiarsko 
610 2 0 |a ruch cestovný domáci 
610 2 0 |a príjmy 
610 2 0 |a hotely 
610 2 0 |a kapacita ubytovacia 
610 2 0 |a gastronómia 
610 2 0 |a zariadenia ubytovacie 
610 2 0 |a ruch cestovný medzinárodný 
610 2 0 |a údaje štatistické 
100 1 |a Malachovský, Andrej